[Event "TCh-CRO"]
[Site "Rabac CRO"]
[Date "2004.06.26"]
[Round "8"]
[White "Pavasovic,D"]
[Black "Ramesa,M"]
[Result "1-0"]
[WhiteElo "2591"]
[BlackElo "2204"]

1.e4 c5 2.c3 Nf6 3.e5 Nd5 4.Nf3 Nc6 5.Bc4 Nb6 6.Bb3 c4 7.Bc2 d6 8.exd6 Qxd6
9.O-O Bg4 10.Re1 e6 11.h3 Bh5 12.b3 Be7 13.Na3 cxb3 14.axb3 O-O 15.d4 a6
16.Nc4 Nxc4 17.bxc4 Bg6 18.Bxg6 hxg6 19.d5 Nd8 20.Ba3 Qxa3 21.Rxa3 Bxa3 22.Qd4 Be7
23.Ne5 Bf6 24.f4 b5 25.cxb5 axb5 26.Qc5 Bxe5 27.fxe5 exd5 28.Qxb5 Ne6 29.Qxd5 Rfd8
30.Qf3 Ra3 31.Rf1 Rd7 32.Qc6 Raa7 33.Rb1 Rd8 34.Rb7 Raa8 35.Rd7 Rdc8 36.Qf3 Rf8
37.Rd6 Ra5 38.Rd5 Ra1+ 39.Kh2 Ra4 40.Rb5 Rc4 41.Ra5 Rfc8 42.Ra7 Rf4 43.Ra8 Rc4
44.Rxc8+ Rxc8 45.Kg1 Kf8 46.Kf2 Ke7 47.Qb7+ Rc7 48.Qb4+ Rc5 49.Ke3 Kd7 50.Qb7+ Nc7
51.Kd4 Rb5 52.Qa7 Rd5+ 53.Ke4 Rd2 54.Qa4+ Kd8 55.Qb3 Ke7 56.Qb4+ Kd7 57.Qf8 Re2+
58.Kd3 Rxe5 59.Qxf7+ Re7 60.Qxg6 Ne6 61.Qg4 Kd6 62.h4 Nc5+ 63.Kc2 Ra7 64.c4 Ra2+
65.Kb1 Ra7 66.Qd4+ Kc6 67.Qd5+  1-0

[Event "Open A"]
[Site "Klatovy CZE"]
[Date "2004.07.04"]
[Round "2"]
[White "Jaros,M"]
[Black "Neuman,P"]
[Result "0-1"]
[WhiteElo "2149"]
[BlackElo "2428"]

1.e4 c5 2.c3 Nf6 3.e5 Nd5 4.d4 cxd4 5.Nf3 d6 6.Bc4 Nb6 7.Bb3 dxe5 8.Nxe5 e6
9.O-O Nc6 10.Nxc6 bxc6 11.cxd4 Be7 12.Nc3 O-O 13.Qd3 Nd5 14.Re1 Re8 15.Nxd5 cxd5
16.Bf4 Qb6 17.Rac1 Ba6 18.Qg3 Rac8 19.Rxc8 Rxc8 20.h4 Bc4 21.Rc1 Qd8 22.Bg5 f6
23.Bh6 Bf8 24.Bxc4 Rxc4 25.Rxc4 dxc4 26.Qg4 Qd5 27.Be3 a5 28.Qd1 Qc6 29.Qc2 a4
30.a3 Qb5 31.Bd2 g6 32.Bc3 Qc6 33.Qe2 Kf7 34.Kf1 Bg7 35.f3 f5 36.g3 Qd5 37.Qe3 h6
38.Kf2 Kg8 39.Ke2 Kh7 40.Qf4 Qc6 41.Qe3 Qd6 42.Kf2 Bf6 43.f4 Qd5 44.Ke2 Kg7
45.Qf3 Qxf3+ 46.Kxf3 Kf7 47.Ke3 Ke7 48.Bb4+ Kd7 49.Bc5 Kc6 50.Kd2 Bd8 51.Bf8 Ba5+
52.Kc2 h5 53.Be7 Be1  0-1

[Event "ch-BEL"]
[Site "Westerlo BEL"]
[Date "2004.07.04"]
[Round "2"]
[White "Hovhanisian,M"]
[Black "Van der Stricht,G"]
[Result "1/2-1/2"]
[WhiteElo "2294"]
[BlackElo "2422"]

1.e4 c5 2.c3 Nf6 3.e5 Nd5 4.d4 cxd4 5.Nf3 e6 6.cxd4 b6 7.a3 Be7 8.Nbd2 O-O
9.Ne4 f6 10.exf6 gxf6 11.Bd3 Ba6 12.O-O Kh8 13.Nc3 Nxc3 14.bxc3 Qc8 15.Bxa6 Nxa6
16.Qd3 Qb7 17.Re1 Nc7  1/2-1/2

[Event "TCh-GRE"]
[Site "Aghia Pelagia GRE"]
[Date "2004.07.05"]
[Round "2"]
[White "Lagopatis,N"]
[Black "Logothetis,S"]
[Result "0-1"]
[WhiteElo "2107"]
[BlackElo "2233"]

1.e4 c5 2.c3 Nf6 3.d3 Nc6 4.Nf3 d5 5.Nbd2 Bg4 6.Be2 e6 7.O-O Be7 8.Re1 O-O
9.Qc2 Qc7 10.Nf1 Rad8 11.Bg5 d4 12.c4 Nxe4 13.Bxe7 Qxe7 14.h3 Bxf3 15.Bxf3 Nf6
16.Bxc6 bxc6 17.Nd2 Qc7 18.Qa4 Rb8 19.Rab1 Nd7 20.a3 a5 21.Re2 h6 22.Qc2 e5
23.Nf3 f5 24.Rbe1 Rbe8 25.Qa4 Kh7 26.b4 axb4 27.axb4 Qd6 28.b5 cxb5 29.Qxb5 Rb8
30.Qa5 Ra8 31.Qd2 Rfe8 32.Qc1 Re7 33.Nd2 Rae8 34.Qb1 Nf6 35.f3 Nh5 36.Nf1 Nf4
37.Rb2 Qg6 38.Kh2 e4 39.fxe4 fxe4 40.Rxe4 Rxe4 41.dxe4 Qxe4 42.Qd1 d3 43.Rf2 Ne2
44.Qa4 Rd8 45.Qa5 Qd4 46.Qe1 Rf8 47.Rxe2 dxe2 48.Qxe2 Rf4 49.Nd2 Rf2 50.Qe4+ Qxe4
51.Nxe4 Rf5 52.Kg3 g6 53.Nd6 Rf1 54.Ne4 Rc1 55.Nxc5 Rxc4 56.Nd7 Kg7 57.Ne5 Ra4
58.Nf3 Kf6 59.Kf2 Kf5 60.Kg3 Ra3 61.Kf2 Kf4 62.g3+ Ke4 63.Nd2+ Kd3 64.Nf3 Ra2+
65.Kg1 Ke3 66.Ne5 g5 67.h4 gxh4 68.gxh4 h5 69.Nc4+ Kf4 70.Kf1 Kg4 71.Ne3+ Kxh4
72.Kg1 Kg3 73.Nf5+ Kf4 74.Nd4 h4 75.Kf1 h3 76.Kg1 Rd2 77.Nb3 Rg2+ 78.Kh1 Kg3
79.Nd4 Rf2 80.Kg1 h2+  0-1

[Event "Open"]
[Site "Olomouc CZE"]
[Date "2004.07.05"]
[Round "1"]
[White "Lang,Ande"]
[Black "Ramesh,R"]
[Result "0-1"]
[WhiteElo "2036"]
[BlackElo "2484"]

1.e4 c5 2.c3 Nf6 3.e5 Nd5 4.Nf3 e6 5.d4 cxd4 6.cxd4 d6 7.Bc4 Nb6 8.Bb3 dxe5
9.dxe5 Qxd1+ 10.Bxd1 Na6 11.O-O Bd7 12.a3 Nc5 13.Nc3 Be7 14.Bc2 Rc8 15.Ne4 Nxe4
16.Bxe4 Bc6 17.Bxc6+ Rxc6 18.Be3 O-O 19.Rac1 Rfc8 20.Nd4 Rxc1 21.Rxc1 Rxc1+
22.Bxc1 Nc4 23.Nf3 Bd8 24.b3 Na5 25.Nd2 Bg5 26.Nc4 Nxc4 27.Bxg5 Nxe5 28.Be3 a6
29.a4 f6 30.h3 Kf7 31.f4 Nc6 32.g4 Na5 33.b4 Nc4 34.Kf2 Nxe3 35.Kxe3 e5 36.f5 Ke7
37.h4 Kd6 38.Ke4 h6 39.h5 Kc6 40.Ke3 Kd5 41.Kd3 b6  0-1

[Event "TCh-GRE"]
[Site "Aghia Pelagia GRE"]
[Date "2004.07.06"]
[Round "3"]
[White "Georgiadis,I"]
[Black "Zawadzka,J"]
[Result "0-1"]
[WhiteElo "2038"]
[BlackElo "2272"]

1.e4 c5 2.c3 Nf6 3.e5 Nd5 4.d4 cxd4 5.Nf3 Nc6 6.Bc4 Nb6 7.Bb3 g6 8.Ng5 d5
9.exd6 e6 10.Qf3 Ne5 11.Qg3 Bxd6 12.Ne4 Nec4 13.Qd3 Ne5 14.Qxd4 Bc7 15.Bg5 Nd3+
16.Ke2 Qxd4 17.cxd4 Nf4+ 18.Kf3 Nfd5 19.Nf6+ Nxf6 20.Bxf6 O-O 21.Nc3 Bd7
22.Ke3 Bc6 23.f3 a5 24.a3 a4 25.Ba2 Ra5 26.Be7 Re8 27.Bb4 Raa8 28.Kf2 Rad8
29.Rhd1 Nd5 30.Bxd5 Bxd5 31.Nxd5 Rxd5 32.Rac1 Bb6 33.Rc4 Red8 34.Bc3 e5 35.Rxa4 exd4
36.Bd2 Bc5 37.Rc4 d3+ 38.Be3 Bf8 39.Rd2 Bg7 40.Rb4 b5 41.Rb3 f5 42.g3 Kf7
43.Rd1 R8d7 44.Ke1 Bf6 45.Kd2 Bd8 46.Kc1 Ba5 47.Bd2 Bd8 48.Be3 Be7 49.Kd2 g5
50.Rc1 Bf6 51.Rc6 f4 52.gxf4 gxf4 53.Bxf4 Rf5 54.Be3 Rxf3 55.Rc5 Rxe3 56.Kxe3 d2  0-1

[Event "Open"]
[Site "Olomouc CZE"]
[Date "2004.07.06"]
[Round "2"]
[White "Jordanova Besheva,S"]
[Black "Bakre,T"]
[Result "0-1"]
[WhiteElo "2193"]
[BlackElo "2492"]

1.e4 c5 2.c3 Nf6 3.e5 Nd5 4.d4 cxd4 5.Nf3 e6 6.cxd4 d6 7.Bc4 Nb6 8.Bd3 Bd7
9.O-O Bc6 10.Nc3 N8d7 11.Re1 Be7 12.Qe2 O-O 13.a3 dxe5 14.dxe5 Nc5 15.Bc2 Rc8
16.b4 Nca4 17.Ne4 Bb5 18.Qxb5 Rxc2 19.Bg5 Bxg5 20.Rad1 Bd2 21.Rxd2 Rxd2 22.Nfxd2 Nc3
23.Qc5 Nxe4 24.Nxe4 Qd3 25.Qe3 Qxe3 26.Rxe3 Rc8 27.f4 Nd5 28.Rf3 b6 29.g3 Rc4
30.Nd6 Rc1+ 31.Kg2 g6 32.h4 h5 33.Rb3 a6 34.b5 a5 35.Ne4 Kf8 36.Nf6 Ke7 37.Ng8+ Kd8
38.Nh6 Ke8 39.Ng8 Rc2+ 40.Kh3 Rc3 41.Rb2 Nxf4+ 42.Kh2 Nd3 43.Nf6+ Ke7 44.Re2 Rc5  0-1

[Event "Proclient Cup"]
[Site "Olomouc CZE"]
[Date "2004.07.07"]
[Round "5"]
[White "Salai,L"]
[Black "Sachdev,T"]
[Result "1-0"]
[WhiteElo "2394"]
[BlackElo "2240"]

1.e4 c5 2.c3 Nf6 3.e5 Nd5 4.d4 cxd4 5.Nf3 Nc6 6.cxd4 d6 7.Bc4 Nb6 8.Bb5 dxe5
9.Nxe5 Bd7 10.Nxd7 Qxd7 11.Nc3 e6 12.O-O a6 13.Bxc6 Qxc6 14.Be3 Be7 15.Qg4 O-O
16.Bh6 Bf6 17.Rfd1 Qd7 18.Ne4 Qe7 19.Rd3 Kh8 20.Bf4 e5 21.Nxf6 exf4 22.Nh5 f5
23.Qxf4 Rac8 24.d5 Qf7 25.Qd4 Nxd5 26.Nxg7 Qxg7 27.Qxg7+ Kxg7 28.Rxd5 Rf7
29.Rad1 Rc2 30.R5d2 Rxd2 31.Rxd2 Rc7 32.f4 Kf6 33.Re2 Rc4 34.g3 h5 35.Kg2 h4
36.Kh3 hxg3 37.Kxg3 Rc1 38.Re3 Rc2 39.Rb3 b5 40.Rc3 Rxb2 41.Rc6+ Kf7 42.Rxa6 b4
43.Kh4 Rg2 44.h3 Kg7 45.Ra4 Kf7 46.Rxb4 Rxa2 47.Rb7+ Kf8 48.Kg5 Rg2+ 49.Kxf5 Rh2
50.Kf6 Kg8 51.Rb3 Ra2 52.Rb8+ Kh7 53.Re8 Ra6+ 54.Re6 Ra3 55.h4 Rh3 56.Re7+ Kg8
57.h5 Ra3 58.f5 Ra6+ 59.Re6 Ra3 60.Re8+ Kh7 61.Kf7 Ra5 62.f6 Rxh5 63.Ke6  1-0

[Event "ch-NED"]
[Site "Leeuwarden NED"]
[Date "2004.07.08"]
[Round "8"]
[White "Tiviakov,S"]
[Black "Nijboer,F"]
[Result "1-0"]
[WhiteElo "2593"]
[BlackElo "2578"]

1.e4 c5 2.c3 Nf6 3.e5 Nd5 4.Nf3 Nc6 5.Bc4 Nb6 6.Bb3 c4 7.Bc2 Qc7 8.Qe2 g5
9.e6 dxe6 10.Nxg5 Qe5 11.d4 cxd3 12.Bxd3 Qxe2+ 13.Bxe2 e5 14.Bh5 Nd8 15.f4 exf4
16.Bxf4 Bg7 17.Na3 h6 18.Ne4 Ne6 19.Bd2 O-O 20.O-O f5 21.Ng3 Nc5 22.b4 Nca4
23.Rac1 Bd7 24.Bf3 Rac8 25.Bxb7 Rc7 26.Ba6 Nxc3 27.Nh5 Bd4+ 28.Kh1 Nbd5 29.Bxh6 Rc6
30.Bxf8 Rxa6 31.Nc2 Bh8 32.Bxe7 Nxe7 33.a3 Bb5 34.Rf3 Be2 35.Re3 Ned5 36.Re8+ Kh7
37.Ng3 Bb5 38.Rf8 f4 39.Nf5 Ne2 40.Rd1 Rc6 41.Rxd5 Rxc2 42.Rc5 Bc3 43.h4 a6
44.h5 Ng3+ 45.Kh2 Nxf5 46.Rfxf5 Bf1 47.Rc7+ Kh6 48.Rc6+ Kh7 49.Rf7+ Kg8 50.Rxf4 Be5
51.Rxc2 Bxf4+ 52.Kh3 Bb5 53.g4 Kg7 54.Kh4 Kh6 55.Rc5  1-0

[Event "TCh-GRE"]
[Site "Aghia Pelagia GRE"]
[Date "2004.07.09"]
[Round "7"]
[White "Kalaitzoglou,P"]
[Black "Tzermiadianos,And"]
[Result "1/2-1/2"]
[WhiteElo "2188"]
[BlackElo "2452"]

1.e4 c5 2.c3 Nf6 3.e5 Nd5 4.Nf3 e6 5.d4 cxd4 6.cxd4 d6 7.Bc4 Nc6 8.O-O Be7
9.Nbd2 dxe5 10.dxe5 Nb6 11.Bb3 Nd7 12.Qe2 Nc5 13.Bc2 Nb4 14.Qb5+ Nd7 15.Be4 a6
16.Qe2 Nc5 17.Nc4 Nxe4 18.Qxe4 O-O 19.a3 Nd5 20.Bf4 Bd7 21.Rfd1 Rc8 22.Nd6 Rc7
23.Bg3 b5 24.Rac1 Bc6 25.Nd4 Ba8 26.Qg4 Rxc1 27.Rxc1 Bxd6 28.exd6 Qd7 29.Be5 g6
30.Nb3 f6 31.Nc5 Rc8 32.Bf4 Nxf4 33.Qxf4 Qc6 34.f3 Rd8  1/2-1/2

[Event "TCh-GRE"]
[Site "Aghia Pelagia GRE"]
[Date "2004.07.10"]
[Round "8"]
[White "Kalaitzoglou,P"]
[Black "Vragoteris,A"]
[Result "0-1"]
[WhiteElo "2188"]
[BlackElo "2322"]

1.e4 c5 2.c3 Nf6 3.e5 Nd5 4.Nf3 e6 5.d4 cxd4 6.cxd4 d6 7.Bc4 Nb6 8.Bb3 Bd7
9.O-O Bc6 10.Nc3 Bxf3 11.Qxf3 Nc6 12.Be3 d5 13.Qe2 h5 14.Na4 a6 15.Nc5 Bxc5
16.dxc5 Nd7 17.f4 d4 18.f5 dxe3 19.fxe6 fxe6 20.Bxe6 Ndxe5 21.Rad1 Qe7 22.Bb3 Qxc5
23.Rd5 Qe7 24.Qxe3 Rd8 25.Rxd8+ Kxd8 26.Bd5 Rh6 27.b4 Rf6 28.Rd1 Kc7 29.Qe4 Qxb4  0-1

[Event "19th North Sea Cup"]
[Site "Esbjerg DEN"]
[Date "2004.07.10"]
[Round "9"]
[White "Jakobsen,C"]
[Black "Bach,M"]
[Result "0-1"]
[WhiteElo "2094"]
[BlackElo "2354"]

1.e4 c5 2.c3 Nf6 3.e5 Nd5 4.d4 cxd4 5.Nf3 Nc6 6.cxd4 d6 7.Bc4 Nb6 8.Bb3 d5
9.Nc3 Bg4 10.O-O e6 11.Be3 Be7 12.h3 Bh5 13.Ne2 Bxf3 14.gxf3 O-O 15.Rc1 f5
16.f4 Na5 17.Kh1 Nac4 18.Bxc4 dxc4 19.Nc3 Bh4 20.Qf3 Rf7 21.Rfd1 Rd7 22.Kh2 Be7
23.a3 Rc8 24.Qg2 Nd5 25.Rg1 Bf8 26.Qf3 a6 27.Qg3 b5 28.h4 Nxc3 29.Rxc3 a5
30.Rgc1 Rdc7 31.Rd1 Qd5 32.Qg2 b4 33.axb4 axb4 34.Rcc1 Ra8 35.Ra1 Rca7 36.Qxd5 exd5
37.Rxa7 Rxa7 38.Kg2 Ra2 39.Bc1 b3 40.Rd2 c3 41.Re2 Ra1  0-1

[Event "15th Open"]
[Site "Ljubjana SLO"]
[Date "2004.07.10"]
[Round "1"]
[White "Debevec,B"]
[Black "Jakovljevic,Vlado"]
[Result "0-1"]
[WhiteElo "1921"]
[BlackElo "2426"]

1.e4 c5 2.c3 Nf6 3.e5 Nd5 4.d4 cxd4 5.Nf3 Nc6 6.cxd4 d6 7.Bc4 Nb6 8.Bb3 d5
9.Nc3 Bg4 10.Be3 e6 11.O-O Be7 12.Rc1 O-O 13.Bc2 Rc8 14.h3 Bh5 15.Qd3 Bg6
16.Qd2 Nc4 17.Qe2 Bxc2 18.Rxc2 Qa5 19.Rb1 a6 20.Nd2 Nb4 21.Nxc4 Rxc4 22.Rcc1 Nxa2
23.Nxa2 Qxa2 24.Rxc4 Qxc4 25.Qg4 Qd3 26.Rc1 Bd8 27.h4 Qg6 28.Qh3 h5 29.Kh2 Qe4
30.g3 Bb6 31.Qg2 Qxg2+ 32.Kxg2 f6 33.Rc3 fxe5 34.dxe5 d4  0-1

[Event "Proclient Cup"]
[Site "Olomouc CZE"]
[Date "2004.07.10"]
[Round "9"]
[White "Gavrilov,Al1"]
[Black "Savage,B"]
[Result "1/2-1/2"]
[WhiteElo "2441"]
[BlackElo "2204"]

1.e4 c5 2.c3 Nf6 3.e5 Nd5 4.Nf3 Nc6 5.Bc4 Nb6 6.Bb3 d5 7.exd6 Qxd6 8.O-O Be6
9.Bxe6 Qxe6 10.Na3 Qd7 11.Nc2 e6 12.d4 cxd4 13.Nfxd4 Be7 14.Qe2 O-O 15.Rd1 Rad8
16.Bf4 Nd5 17.Bg3 Qc8 18.h3 Rfe8 19.c4 Nxd4 20.Nxd4 Nb6 21.b3 Qc5 22.Nb5 a6
23.Nc3 Qc6 24.Qe4 Qc8 25.Qf3 Bf6 26.Rac1 Rxd1+ 27.Rxd1 Bxc3 28.Qxc3 Nd5 29.Qd4 Nb4
30.Qb6 Nc6 31.b4 h6 32.a4 e5 33.Qc5 f6 34.f3 Nd4 35.Qd5+ Kh8 36.c5 Rd8 37.Qe4 Qd7
38.Re1 Qxa4 39.Qxb7 Qc6 40.Qxc6 Nxc6 41.Rb1 Rb8 42.Be1 Rb5 43.Rc1 Kg8 44.Kf2 Nxb4
45.Bxb4 Rxb4 46.Ke3 Kf7 47.c6 Rb8 48.Ke4 Ke6 49.Ra1 Ra8 50.c7 f5+ 51.Kd3 Kd7
52.Ra5 Kxc7 53.Rxe5 Rd8+ 54.Kc4 g6 55.Kc5 Rd2 56.Re7+ Kd8 57.Ra7 Rxg2 58.Kd6 Rd2+
59.Ke5 Rd3 60.Rxa6 Rxf3 61.Rxg6  1/2-1/2

[Event "TCh-GRE"]
[Site "Aghia Pelagia GRE"]
[Date "2004.07.11"]
[Round "9"]
[White "Lagopatis,N"]
[Black "Patsourakis,A"]
[Result "1-0"]
[WhiteElo "2107"]
[BlackElo "2059"]

1.e4 c5 2.c3 Nf6 3.d3 Nc6 4.Nf3 d6 5.Be2 e6 6.O-O Be7 7.Nbd2 b5 8.Qc2 O-O
9.a4 b4 10.d4 Bb7 11.dxc5 dxc5 12.Re1 Rc8 13.Bf1 Na5 14.Nc4 Nxc4 15.Bxc4 bxc3
16.bxc3 Qa5 17.Bg5 h6 18.Bh4 Ba6 19.Qe2 Bxc4 20.Qxc4 Rfd8 21.h3 g5 22.Bg3 Nh5
23.Bh2 Bf6 24.Rac1 Rd7 25.g4 Ng7 26.Kg2 h5 27.gxh5 Nxh5 28.Kh1 Kh7 29.Rg1 Rg8
30.Rg4 Rg6 31.e5 Be7 32.Rcg1 Kh6 33.h4 gxh4 34.Rxg6+ fxg6 35.Qxe6 Ng3+ 36.Bxg3 hxg3
37.Rxg3 Rd1+ 38.Kg2  1-0

[Event "15th Open"]
[Site "Ljubjana SLO"]
[Date "2004.07.11"]
[Round "2"]
[White "Lazar,Ales ML"]
[Black "Kozul,Z"]
[Result "0-1"]
[WhiteElo "2244"]
[BlackElo "2630"]

1.e4 c5 2.c3 Nf6 3.e5 Nd5 4.Nf3 Nc6 5.d4 cxd4 6.cxd4 d6 7.Bc4 e6 8.O-O Be7
9.Qe2 O-O 10.Re1 a6 11.Nc3 dxe5 12.dxe5 Nxc3 13.bxc3 Qa5 14.Bd3 Rd8 15.Bg5 h6
16.Bxe7 Nxe7 17.Rad1 Bd7 18.Qe4 Ng6 19.Qxb7 Nf4 20.Qe4 Nxd3 21.Rxd3 Bb5 22.c4 Rxd3
23.Qxa8+ Rd8 24.Qe4 Be8 25.Qe2 Bc6 26.Rb1 Qc3 27.h3 a5 28.Rb3 Qc1+ 29.Kh2 Qf4+
30.g3 Qc1 31.Rd3 Rb8 32.Rd1 Qa3 33.Rd3 Qc5 34.Rb3 Rc8 35.Qe3 Qxc4 36.Rc3 Qxa2
37.Ra3 Qd5 38.Rd3 Qxf3 39.Qxf3 Bxf3 40.Rxf3 Rc5 41.Re3 g5 42.Kg2 Kg7 43.g4 Kg6
44.Kg3 h5 45.Kf3 hxg4+ 46.hxg4 a4 47.Kg2 Rc4 48.f3 Rc5 49.Kg3 Ra5 50.Ra3 Kg7
51.Kf2 Kf8 52.Kg3 Ke7 53.f4 gxf4+ 54.Kxf4 Kd7 55.Kg5 Kc6 56.Kf6 Ra7 57.g5 Kd5
58.Ra1 a3 59.Ra2 Kd4 60.Rd2+ Kc4  0-1

[Event "15th Open"]
[Site "Ljubjana SLO"]
[Date "2004.07.11"]
[Round "3"]
[White "Janovsky,S"]
[Black "Bratovic,B"]
[Result "1-0"]
[WhiteElo "2492"]
[BlackElo "2332"]

1.e4 c5 2.c3 Nf6 3.e5 Nd5 4.d4 cxd4 5.Nf3 Nc6 6.Bc4 Nb6 7.Bb3 d5 8.exd6 Qxd6
9.O-O Be6 10.Na3 Bxb3 11.Qxb3 e6 12.Nb5 Qd7 13.Nbxd4 Nxd4 14.Nxd4 Bc5 15.Be3 Qc8
16.Qb5+ Nd7 17.Rad1 a6 18.Qd3 Nf6 19.Bg5 Be7 20.Rfe1 Qc7 21.Qe2 Rd8 22.Rd3 h6
23.Bc1 Bc5 24.Red1 O-O 25.h3 b5 26.Nb3 Be7 27.Rxd8 Rxd8 28.Rxd8+ Bxd8 29.Qd3 Nd5
30.Qe4 Qc6 31.Be3 f5 32.Nd4 fxe4 33.Nxc6 Nxe3 34.fxe3 Bb6 35.Kf2 Kf7 36.Ke2 Kg6
37.Nb4 a5 38.Nc2 e5 39.Na3 b4 40.cxb4 axb4 41.Nc4 Bc5 42.Nd2 Kf5 43.g4+ Ke6
44.Nxe4 Be7 45.Kd3 Kd5 46.Nd2 Bg5 47.a4 bxa3 48.bxa3 Be7 49.a4 Bd8 50.Ne4 Ba5
51.Ng3 g6 52.Ne4 Bb6 53.Nc3+ Kc5 54.Ke4 Kd6 55.Nb5+ Ke6 56.Na3  1-0

[Event "Proclient Cup"]
[Site "Olomouc CZE"]
[Date "2004.07.11"]
[Round "10"]
[White "Salai,L"]
[Black "Mankeyev,Raua"]
[Result "0-1"]
[WhiteElo "2394"]
[BlackElo "2258"]

1.e4 c5 2.c3 Nf6 3.e5 Nd5 4.d4 cxd4 5.Nf3 Nc6 6.Bc4 Nb6 7.Bb3 d5 8.exd6 Qxd6
9.O-O Be6 10.Bxe6 Qxe6 11.Nxd4 Nxd4 12.Qxd4 Rd8 13.Qh4 Qe2 14.Be3 Qxb2 15.Nd2 Rxd2
16.Rab1 Qxa2 17.Ra1 Qc4  0-1

[Event "15th Open"]
[Site "Ljubjana SLO"]
[Date "2004.07.13"]
[Round "5"]
[White "Janovsky,S"]
[Black "Palac,M"]
[Result "0-1"]
[WhiteElo "2492"]
[BlackElo "2549"]

1.e4 c5 2.c3 Nf6 3.e5 Nd5 4.d4 cxd4 5.Nf3 d6 6.Bc4 Nb6 7.Bb3 Nc6 8.exd6 Qxd6
9.O-O Be6 10.Na3 dxc3 11.Qe2 Bxb3 12.Nb5 Qb8 13.axb3 e6 14.Qe4 Nd5 15.bxc3 Be7
16.c4 Nf6 17.Qe2 a6 18.Nc3 O-O 19.g3 b6 20.Bb2 Rd8 21.Ne4 Nd7 22.Neg5 Nc5
23.Ba3 h6 24.Bxc5 bxc5 25.Qe4 hxg5 26.Qxc6 g4 27.Ne1 Qxb3 28.Qe4 Qc3 29.Nc2 Qd3
30.Rfe1 Bf6 31.Ra3 Qxe4 32.Rxe4 a5 33.Rxg4 Rd2 34.Ne1 a4 35.Nd3 Rxd3 36.Rxd3 a3  0-1

[Event "111th ch-SCO"]
[Site "Hamilton SCO"]
[Date "2004.07.16"]
[Round "7"]
[White "Motwani,P"]
[Black "Shaw,J"]
[Result "1/2-1/2"]
[WhiteElo "2552"]
[BlackElo "2424"]

1.e4 c5 2.c3 Nf6 3.e5 Nd5 4.Nf3 e6 5.d4 cxd4 6.Qxd4 Nc6 7.Qe4 f5 8.Qe2 Qc7
9.g3 b5 10.Bg2 a5 11.O-O Ba6 12.Re1 Bc5 13.Ng5 O-O 14.Bxd5 exd5 15.Qf3 Ne7
16.Be3 Bxe3 17.Qxe3 f4 18.gxf4 h6 19.Nh3 Nf5 20.Qf3 Bb7 21.Nd2 Ra6 22.Qh5 Re6
23.f3  1/2-1/2

[Event "ACT Open"]
[Site "Amsterdam NED"]
[Date "2004.07.17"]
[Round "1"]
[White "Afek,Y"]
[Black "Leuw,M"]
[Result "1-0"]
[WhiteElo "2325"]
[BlackElo "2193"]

1.e4 c5 2.c3 Nf6 3.e5 Nd5 4.Nf3 e6 5.Bc4 Nc6 6.O-O d6 7.d4 cxd4 8.cxd4 Be7
9.Qe2 O-O 10.Qe4 Bd7 11.Bd3 f5 12.exf6 Nxf6 13.Qe2 Nd5 14.Nc3 Nxc3 15.bxc3 d5
16.Bd2 Kh8 17.Rae1 Rc8 18.Ne5 Nxe5 19.Qxe5 Qe8 20.f4 Bf6 21.Qe3 Bb5 22.Bxb5 Qxb5
23.Qxe6 Qb2 24.Rf2 Qxa2 25.Qd7 Qb3 26.Rfe2 h6 27.f5 Rcd8 28.Qc7 Qb5 29.Re6 Qd7
30.Qg3 b5 31.Bf4 b4 32.Be5 Bxe5 33.Qxe5 Qf7 34.Re7 Qf6 35.cxb4 Rb8 36.Qxf6 Rxf6
37.Re8+ Rf8 38.Rxf8+ Rxf8 39.Re5 Rb8 40.Rxd5 Rxb4 41.Kf2 Rb6 42.Kf3 Rb3+
43.Ke4 Rb2 44.g4 Rxh2 45.Rd8+ Kh7 46.Rd7 Rh4 47.Kf3 h5 48.gxh5 Kh6 49.Ke3 Kg5
50.Rxa7 Kxf5 51.Ra5+ Ke6 52.Re5+ Kf6 53.Rb5 Ke6 54.Ra5 Kf6 55.Kd3 g5 56.Ra6+ Kf7
57.h6 g4 58.d5 g3 59.Ke2 Rd4 60.Ra7+ Kg8 61.Rd7 Rg4 62.Kf1 g2+ 63.Kg1 Rg5
64.d6 Kh8 65.Re7  1-0

[Event "Open"]
[Site "Balatonlelle HUN"]
[Date "2004.07.19"]
[Round "1"]
[White "Vajda,L"]
[Black "Kragelj,I"]
[Result "0-1"]
[WhiteElo "2539"]
[BlackElo "2247"]

1.e4 c5 2.c3 Nf6 3.e5 Nd5 4.d4 cxd4 5.Nf3 Nc6 6.cxd4 d6 7.Bc4 Nb6 8.Bb5 dxe5
9.Nxe5 Bd7 10.Nxd7 Qxd7 11.O-O g6 12.Nc3 Bg7 13.Be3 Rd8 14.Qb3 O-O 15.Rad1 Nd5
16.Qa3 e6 17.Bg5 Ra8 18.Ne4 h6 19.Be3 a6 20.Be2 Qe7 21.Qb3 f5 22.Nc3 f4 23.Bc1 Nxd4
24.Rxd4 Bxd4 25.Bf3 Kh7 26.Re1 Qg7 27.Rxe6 Nxc3 28.bxc3 Bxc3 29.h4 Kh8 30.h5 gxh5
31.Bxh5 Rf6 32.Re4 Rg8 33.g4 fxg3 34.f3 Qc7 35.Rc4 Bd4+ 36.Kg2 Qe5 37.Qd3 Qxh5  0-1

[Event "ACT Open"]
[Site "Amsterdam NED"]
[Date "2004.07.23"]
[Round "7"]
[White "Martens,M"]
[Black "Chuchelov,V"]
[Result "1-0"]
[WhiteElo "2430"]
[BlackElo "2574"]

1.e4 c5 2.c3 Nf6 3.e5 Nd5 4.g3 d6 5.exd6 e6 6.Nf3 Bxd6 7.Bg2 O-O 8.O-O Nc6
9.Na3 b6 10.d3 Bb7 11.Nc4 Be7 12.a4 Qc7 13.Qe2 Rad8 14.Re1 h6 15.Bd2 Rfe8
16.h4 Bf8 17.h5 Nf6 18.Bf4 Qc8 19.Nh4 Be7 20.Bc1 Qd7 21.Rd1 Ba6 22.Rd2 Qc7
23.f4 Bd6 24.b3 Bxc4 25.bxc4 e5 26.Qf3 Na5 27.Rf2 e4 28.dxe4 Nxe4 29.Re2 Nb3
30.Rb1 Nxg3 31.Rxe8+ Rxe8 32.Be3 Bxf4 33.Bxf4 Qxf4 34.Qxf4 Ne2+ 35.Kf2 Nxf4
36.Rxb3 Nxh5 37.a5 Re6 38.Bd5 Rf6+ 39.Ke3 g5 40.Nf3 Nf4 41.Ne5 Kg7 42.a6 h5
43.Nc6 h4 44.Nxa7 Nxd5+ 45.cxd5 g4 46.Rb1 h3 47.d6 Rxd6 48.Nb5 Rd8 49.Kf4 Rd2
50.Kxg4 h2 51.Rh1  1-0

[Event "Skanska Open"]
[Site "Pardubice CZE"]
[Date "2004.07.23"]
[Round "1"]
[White "Angelov,K"]
[Black "Cvek,R"]
[Result "0-1"]
[WhiteElo "2256"]
[BlackElo "2461"]

1.e4 c5 2.c3 Nf6 3.e5 Nd5 4.d4 cxd4 5.Nf3 Nc6 6.Bc4 e6 7.cxd4 d6 8.a3 Nb6
9.Bd3 Be7 10.O-O Bd7 11.Nc3 d5 12.Be3 Na5 13.Nd2 Rc8 14.f4 g6 15.Qe2 h5 16.g3 Nac4
17.Nxc4 dxc4 18.Be4 Bc6 19.h3 Nd5 20.Nxd5 Bxd5 21.Qc2 b5 22.Bd2 Qb6 23.Bc3 Qc6
24.Rae1 Bxe4 25.Rxe4 Qd5 26.Kf2 Rc6 27.Ke3 Ra6 28.Qg2 Ra4 29.Qh1 a5 30.Ra1 Qc6
31.Qd1 b4 32.axb4 Rxa1 33.Qxa1 axb4 34.Be1 O-O 35.g4 Ra8 36.Qb1 hxg4 37.hxg4 Kg7
38.Qc2 Ra1 39.Bd2 b3 40.Qc3 Rh1  0-1

[Event "Skanska Open"]
[Site "Pardubice CZE"]
[Date "2004.07.23"]
[Round "1"]
[White "Arngrimsson,D"]
[Black "Turov,M"]
[Result "1/2-1/2"]
[WhiteElo "2295"]
[BlackElo "2536"]

1.e4 c5 2.c3 Nf6 3.e5 Nd5 4.d4 cxd4 5.Nf3 Nc6 6.cxd4 d6 7.Bc4 Nb6 8.Bb5 dxe5
9.Nxe5 Bd7 10.Nxd7 Qxd7 11.Nc3 e6 12.O-O Rc8 13.Re1 Be7 14.Bxc6 Rxc6 15.Qg4 Bf6
16.Be3 Nd5 17.Bg5 Bxg5 18.Qxg5 O-O 19.Nxd5 Qxd5 20.Qxd5 exd5 21.Rad1 Rb6
22.Re2 Rb4  1/2-1/2

[Event "Skanska Open"]
[Site "Pardubice CZE"]
[Date "2004.07.24"]
[Round "2"]
[White "Kristjansson,St"]
[Black "Babula,V"]
[Result "1/2-1/2"]
[WhiteElo "2410"]
[BlackElo "2569"]

1.e4 c5 2.c3 Nf6 3.e5 Nd5 4.d4 cxd4 5.Nf3 e6 6.cxd4 d6 7.Bc4 Nc6 8.O-O Nb6
9.Bd3 Nb4 10.Be4 d5 11.Bd3 Nxd3 12.Qxd3 Bd7 13.b3 Rc8 14.Ba3 Bxa3 15.Nxa3 O-O
16.Rfc1 Qe7 17.Nc2 Rc7 18.Ne3 Rfc8 19.Qd2 Bb5 20.Ne1 Qa3 21.Rxc7 Rxc7 22.f4 Nd7
23.f5 b6 24.Nf3 Qa5 25.Qf2 Qc3 26.Rd1 Bd3 27.fxe6 fxe6 28.Ng5 Nf8 29.Nxe6 Nxe6
30.Nxd5 Qc1 31.Qe1 Qc2 32.Nb4 Qb2 33.Nxd3 Qxd4+ 34.Nf2 Qc5 35.b4 Qc2 36.Qd2 Qxd2
37.Rxd2 Rc1+ 38.Rd1 Rc2 39.a3  1/2-1/2

[Event "Open"]
[Site "Balatonlelle HUN"]
[Date "2004.07.25"]
[Round "7"]
[White "Vajda,L"]
[Black "Sax,G"]
[Result "1/2-1/2"]
[WhiteElo "2539"]
[BlackElo "2535"]

1.e4 c5 2.c3 Nf6 3.e5 Nd5 4.d4 cxd4 5.Nf3 Nc6 6.cxd4 d6 7.Bc4 Nb6 8.Bb5 dxe5
9.Nxe5 Bd7 10.Nxd7 Qxd7 11.O-O g6 12.a4 a6 13.Bxc6 bxc6 14.Qe2 Bg7  1/2-1/2

[Event "Politiken Cup"]
[Site "Copenhagen DEN"]
[Date "2004.07.25"]
[Round "2"]
[White "Andersson,C"]
[Black "Fedorov,Alex"]
[Result "0-1"]
[WhiteElo "2196"]
[BlackElo "2620"]

1.e4 c5 2.c3 Nf6 3.e5 Nd5 4.d4 cxd4 5.Qxd4 e6 6.Nf3 Nc6 7.Qe4 f5 8.exf6 Nxf6
9.Qh4 e5 10.Bg5 Be7 11.Nbd2 d5 12.Bb5 O-O 13.Bxc6 bxc6 14.Nxe5 Bd6 15.Nef3 Ba6
16.O-O-O Qa5 17.Kb1 Bd3+ 18.Ka1 Rab8 19.Nb3 Qa6 20.Nfd4 Bg6 21.f4 Ne4 22.Rhe1 c5
23.Ne6 c4 24.Nc1 Rxb2 25.Nxf8 Nd2  0-1

[Event "Mark Pinto IM"]
[Site "San Francisco USA"]
[Date "2004.07.25"]
[Round "5"]
[White "Sevillano,E"]
[Black "Shivaji,S1"]
[Result "1-0"]
[WhiteElo "2464"]
[BlackElo "2272"]

1.e4 c5 2.c3 Nf6 3.e5 Nd5 4.d4 cxd4 5.Nf3 Nc6 6.Bc4 Nb6 7.Bb3 d6 8.exd6 Qxd6
9.Na3 dxc3 10.Qe2 Bf5 11.Nb5 Qb8 12.O-O e6 13.Nfd4 Be7 14.Nxc6 bxc6 15.Nd4 Bg6
16.Nxc6 Qc7 17.Nxe7 Qxe7 18.Qb5+ Qd7 19.Qb4 Qe7 20.bxc3 Qxb4 21.cxb4 O-O
22.Rd1 Rfc8 23.Be3 Bc2 24.Bxc2 Rxc2 25.a4 Nd5 26.b5 Kf8 27.Bd4 f6 28.a5 Rb8
29.Bxa7 Rxb5 30.a6 Rc8 31.f3 Ra8 32.Bf2 Rbb8 33.a7 Rc8 34.Rdb1 Ke7 35.Rb7+ Nc7
36.Rd1 Ke8 37.Rc1  1-0

[Event "ch-Montenegro"]
[Site "Bijelo Polje SCG"]
[Date "2004.07.26"]
[Round "11"]
[White "Cvorovic,M"]
[Black "Krivokapic,M"]
[Result "0-1"]
[WhiteElo "2207"]
[BlackElo "2329"]

1.e4 c5 2.c3 Nf6 3.e5 Nd5 4.d4 cxd4 5.Qxd4 e6 6.Nf3 Nc6 7.Qe4 f5 8.Qe2 Qc7
9.g3 Nde7 10.Bg2 Ng6 11.Bf4 Be7 12.Nbd2 O-O 13.O-O d6 14.Rfe1 Nxf4 15.gxf4 Bd7
16.Nc4 d5 17.Ncd2 Rac8 18.Nb3 a5 19.Nbd4 Nxd4 20.Nxd4 a4 21.a3 Qb6 22.Qd2 Bc5
23.Red1 Rc7 24.Rab1 g6 25.Bf1 Rcc8 26.Qe3 Qd8 27.Qg3 Kh8 28.h4 Be7 29.Nf3 h6
30.Be2 Kh7 31.Kh2 Rg8 32.Rg1 Rc5 33.Kh3 Bb5 34.Bxb5 Rxb5 35.Nd4 Rb6 36.Rh1 Bc5
37.Nf3 Rb3 38.Nd2 Rb5 39.Rhg1 Qb6 40.Rg2 Rxb2 41.Rxb2 Qxb2 42.Nf3 Be7 43.Nd4 Qb6
44.Qd3 Bc5 45.Nb5 Bxf2 46.c4 dxc4 47.Qxc4 Qc5 48.Qxe6 Qe3+ 49.Kh2 Qxf4+ 50.Kh1 Qxh4+
51.Rh2 Qg3 52.Rg2 Qh3+  0-1